000 00463nam a2200181Ia 4500
001 18644
005 20260306171646.0
008 260306s9999||||xx |||||||||||||| ||und||
041 _aESP
082 _a658.4092
_bS57
100 _aSinek, Simon,
_eAUT
245 0 _aEmpieza con el porqué :
_bcómo los grandes líderes motivan a actuar
260 _c2024
300 _a261 páginas :
_c23 cm.
650 _aGEN
654 _aCAN
942 _cLIB
_dJUS
_fJUS
_2ddc
_n
999 _c18644
_d18644